000 00440nam a22001577a 4500
005 20251108171131.0
008 250721s1982 xx 000 0 ara d
082 1 4 _aق/فاط
100 1 _aسليم، فاطمة
245 1 0 _aتجديف في النيل :
_bمجموعة قصص /
264 1 _aتونس :
_bدار بو سلامة،
_c1982.
300 _a176ص
650 1 7 _aالأدب العربي
942 _2ddc
_cBK
999 _c57448
_d57448